Miracles of Mary (Record no. 1217)

MARC details
000 -CABECERA
campo de control de longitud fija 00721nam a2200193 a 4500
001 - NÚMERO DE CONTROL
campo de control BRCA_1355
005 - FECHA Y HORA DE LA ÚLTIMA TRANSACCIÓN
campo de control 20190320203405.0
008 - DATOS DE LONGITUD FIJA--INFORMACIÓN GENERAL
campo de control de longitud fija 950109s1995 caua---##b---#001-0#eng-#
020 ## - NÚMERO INTERNACIONAL ESTÁNDAR DEL LIBRO
Número Internacional Estándar del Libro 0060621311
040 ## - FUENTE DE LA CATALOGACIÓN
Centro catalogador/agencia de origen DLC
Centro/agencia transcriptor DLC
Centro/agencia modificador DLC
050 #4 - SIGNATURA TOPOGRÁFICA DE LA BIBLIOTECA DEL CONGRESO
Número de clasificación BT650
Número de documento/Ítem .D87 1995
100 1# - ENTRADA PRINCIPAL--NOMBRE DE PERSONA
Nombre de persona Durham, Michael Schelling
Fechas asociadas al nombre 1935-
9 (RLIN) 4432
245 10 - MENCIÓN DE TÍTULO
Título Miracles of Mary
Resto del título Apparitions, Legends, and Miraculous Works of the Blessed Virgin Mary
Mención de responsabilidad, etc. Michael S. Durham ; designed by Carmile S. Zaino.
260 ## - PUBLICACIÓN, DISTRIBUCIÓN, ETC.
Lugar de publicación, distribución, etc. [San Francisco, California]
Nombre del editor, distribuidor, etc. Harper San Francisco : Harper Collins
Fecha de publicación, distribución, etc. 1995
300 ## - DESCRIPCIÓN FÍSICA
Extensión 191 p.
Otras características físicas il. a color
Dimensiones 25 cm.
500 ## - NOTA GENERAL
Nota general Incluye indice de ilustraciones
600 14 - PUNTO DE ACCESO ADICIONAL DE MATERIA--NOMBRE DE PERSONA
Nombre de persona Virgen María
Subdivisión general Apariciones y milagros
9 (RLIN) 4433
942 ## - ELEMENTOS DE PUNTO DE ACCESO ADICIONAL (KOHA)
Fuente del sistema de clasificación o colocación Library of Congress Classification
Tipo de ítem Koha Libros
Holdings
Estado de retiro Estado de pérdida Estado dañado No para préstamo Localización permanente Ubicación/localización actual Fecha de adquisición Total de préstamos Signatura topográfica completa Código de barras Fecha visto por última vez Precio válido a partir de Tipo de ítem Koha
El ejemplar forma parte de la colección y puede ser consultado según las políticas vigentes.       Biblioteca del Museo Franz Mayer (Rogerio Casas-Alatriste) Biblioteca del Museo Franz Mayer (Rogerio Casas-Alatriste) 26/06/2008   BT650 .D87 1995 01878 22/03/2019 22/03/2019 Libros